Statistiques concernant Bloqués: Le quiz ultime [2ème vague]

Cliquez ici pour prendre le quiz!

Statistiques générales

  • Ce quiz a été pris 9 fois
  • Le résultat moyen est 47 sur 125

Statistiques - réponses

QuestionsRéponses% Correct
Ou est-ce que la toupie force Orel a vomir ?Dans sa casquette
100%
Quelle est la prochaine chose dont Gringe aura besoin maintenant que la voisine bonne leur a donné du sel, un decapsuleur, un ouvre-boite et de la farine ?De l'huile
100%
Quels fleurs Orel aime beaucoup ?Les jonquilles
100%
Que donne Orel a Gringe quand il lui demande le contraire d'un livre ?Une télécommande
100%
Combien il reste de capote a Gringe a la fin de l'épisode "La clégi de mes amis" ?1
75%
Que fait un conseiller d'orientation si on lui dit qu'on veut devenir conseiller d'orientation ?Il explose
75%
Qu'est-ce qui est un zoo pour les pauvres ?Jardiland
75%
Comment s'appellerais Orel si il était un lion ?Lionel
75%
Qui a inventé la télé selon Orel ?Michel Drucker
75%
Ou habitait l'ex de Gringe qui disait "starfoullah" et faisait de la zumba ?Quimper
75%
Etre gothique , c'est cool quand on est quoi ?Une église
75%
Que remplace le radiocassette dans la Lamborghini en foie gras ?Un toaster
75%
Combien d'aiguilles y a t'il par œil dans le premier "Tu préfère" ?5
50%
Combien Orel et Gringe ont ils de décapsuleurs ?7
50%
Ou voulais aller Gringe avant de savoir qu'on était un jour férié ?A la FNAC
50%
Qui Orel n'arrive plus à regarder dans les yeux depuis qu'il a regroupé toutes ces figurines ?Athéna
50%
Ou iraient Orel et Gringe s'il ils avaient une voiture qui marche a l'amitié ?Au bout du monde
50%
Quelle bonne manière la mère d'Orel lui a appris ?Caresse le clitoris
50%
Quel stratagème propose Orel pour que la concierge nettoies leur appart ?Déguiser l'appart en couloir
50%
Que rajoute Orel sur les pizza que son ex commande ?Des anchois
50%
Qu'est-ce qu'il y a dans le bac à bières ?Des legumes
50%
Qu'est ce qu'il n'y a pas sur le trajet en vol au dessus de l'Atlantique ?Des nuages de repos
50%
Complétez la phrase de la meuf d'Orel : "J'ai jouis deux fois ... "En un an
50%
Sur quelle groupe de musique est-ce que Orel a baisé pour la dernière fois ?Evanescence
50%
Quelle célébrité veulent t'il amener a la soirée de la voisine bonne pour lui peter la gueule ?Garou
50%
Quel nom de célébrité lance la boucle de "kiéki kiéki kiéki ki ki" ?Georges Moustaki
50%
Dans quelle catégorie devraient t'il mettre leur canapé pour le vendre sur Internet ?Grande panière pour chien
50%
Quel film Orel commence a expliquer a la fin de l'episode "Marty" ?Inception
50%
A quoi pense Gringe dans l'épisode "Devine à quoi je pense"La pleine lune
50%
Quel sport Orel détestait quand il était petit ?Le foot spécial
50%
Orel propose d'utiliser le scénario de quel film pour expliquer la mort du chat de la voisine bonne ?Le roi lion
50%
De quel jeu Serge était il le champion du monde de ses 1 à 3 ans ?Les échecs
50%
Qu'est-ce qu'il n'existait pas quand le grand-père d'Orel a passé son permis ?Les feux rouges
50%
Que représente Morton Fizzback, le méchant producteur de Denver le dernier dinosaure ?Le SIDA
50%
Quel est le deuxième sujet de podcast que traite Orel fait son foufou ?Les putes
50%
Comment s'appelle l'épisode qui parle de la webcam d'ordinateur ?L'Oeil de Sauron
50%
Quel est l'effet que Orel se prend quand il entend des mots comme Copie couble, demi-pensionnaire ou Intercallaire ?Madeleine de Prouster la gueule
50%
Quelle musique est utilisée dans le générique de "La gueule de bois" ?Manger c'est tricher
50%
Qu'est-ce qui deviendrais un sport si le téléporteur était inventé ?Marcher
50%
En s'inspirant du scénario de quel film Orel veut il empêcher l'existence d'Hitler ?Retour vers le futur
50%
A qui Orel demande de pas regarder sa branlette dans l'épisode "Mon grand-père est mort" ?Sa grand-mère
50%
Comment se dit 7 en japonais ?Serge
50%
De quel accessoire de Gringe Orel se moque t'il a la fin de l'épisode "La marinière" ?Ses lunettes
50%
Complétez la phrase de Gringe : "T'as raté ta vie, ... "Tu crois pas que tu vas réussir ta mort
50%
Avec quoi les gens qui utilisent le Puit mangent leurs sushis ?Une fourchette
50%
Par quoi s'es fait mordre le mec mort dans l'épisode "Orel a un synthé"Un Lolsnake
50%
Qu'est-ce qu'une fille s'est faite offrir deux fois à son anniversaire dans l'épisode "Des grosses barres de rire" ?Un pull
50%
Qui Gringe ne veut pas appeler par principe ?Un serrurier
50%
Quelle est la couleur de la pisse des sportifs dopés ?Vert fluo
50%
Qui Orel imite t'il en disant "Eh tema ! Tema la prise" ?Vincent Cassel
50%
Combien le père de Serge lui a t'il mis sur son PEL ?1 Milliard et demi
25%
Quel est le score a la fin de la partie de Johhny Depp ?29-36
25%
Combien de fois Bouh est prononcé dans l'épisode "Bouh !"2 fois
25%
Combien de pizzas ont-ils eu pour 3 pizzas achetés au début d'épisode "Perdre du poids" ?3 pizzas
25%
Combien y a t'il de variété de bulles dans le Coca Cola ?5000
25%
BONUS - Casseurs Flowters - Bloqué - Combien de photos sont prises au total dans le clip de la chanson ?585 photos
25%
Quelle est la taille de l'appart que Serge le Mytho a pris avec sa meuf ?6000m²
25%
A qui peut on présenter la moitié bas d'une meuf ?A Tom et Jerry
25%
Ou aurait pu aller Orel avec tout l'argent qu'il a joué aux jeux à gratter ?Au Bahamas
25%
Complétez la phrase de l'épisode "La voix off" :
"Il haussa les sourcils et pris son téléphone portable"
Aucune notification, il n'avait aucun ami
25%
Ou est Gringe à la fin de son tour des ex ?A une soirée privée après le concert de Pharrell
25%
Avec quoi Claude le plombier gênant à fait un écureuil volant ?Avec un écureuil normal
25%
Que répond Orel a la remarque de Gringe "Mais c'est pas scientifiquement prouvé ca" dans l'épisode "Le secret des pyramides" ?Bah si, la musique elle est inquiétante
25%
Qui Serge le Mytho rencontre il en prison a Crenshaw ?Bernard Madoff
25%
Pourquoi Orel a acheté une certaine mayonnaise dans l'épisode "Médiamétrie"Car elle était plus onctueuse et savoureuse
25%
Que répond Orel a "T'as une appli horoscope" dans l'épisode "Etre fragile" ?C'est bien une remarque de Bélier ca
25%
Répondez a la question : "Putain Orel c'est quoi un driver ?"C'est un truc que si tu l'as pas ça marche pas les trucs
25%
BONUS - Serge le Mytho #29 - Comment Serge se fait appelé a la fin de l'épisode ?Charles
25%
Dans quoi Orel veut mettre des trucs après que Gringe lui dise que c'est nul à chier de les mettre dans les arbres ?Dans des buissons
25%
Qu'est-ce qu'on peut faire sur le Facebook du darknet ?Demander les gens en ennemis
25%
Qu'est-ce qu'il n'y avait pas dans le distributeur de la boite ou Orel a démissioné ?Des despes/Desperados
25%
Avec quoi Orel propose de payer son loyer ?Des éclats de rêve brisé
25%
Quel plat Orel reçoit de sa mère dans l'épisode "Manger un humain" ?Des restes de comptables dans un tupperware
25%
Qu'a souhaité Gringe quand l'ex qu'il aimait l'a quitté ?D'être heureuse
25%
BONUS - Un bon moment avec Kyan Khojandi - Quel est le premier nom du pilote de Bloqué ?Deux connards devant Canal +
25%
Completez la phrase de Gringe dans Gringe est vener' : "Mais c'est logique ! ... "En été tout est sympa
25%
Dans quel pays se passe le premier épisode de Serge le Mytho ?En Thaïlande
25%
Quel film Gringe adapterait il en pièce de théâtre si il etait riche ?Fast and Furious
25%
Completez la phrase de Gringe : "Hey __________ pour avoir un enfant"Il faut quand même des couilles
25%
Que ferait Orel si il s'embrouille avec un type avec ses pouvoir télékinétique ?Il ferait bouillir toute l'eau de son corps
25%
Que fait Orel a la fin de l'episode "L'écologie" ?Il jette ses poubelles par la fenetre
25%
Qu'a fait le livre "Le sève du mâle" à Orel ?Il l'a friendzoné
25%
Quel artiste Orel ne sait toujours si il aime ou si il trouve ca a chier ?Jamiroquai
25%
Que réponds Gringe a "T'es homophobe alors" dans le Ni Oui Ni Non ?Je trouve ton jugement un peu hâtif, la
25%
Quel est le surnom du créateur des Puma Air Jordan ?L'Alchimiste
25%
A quel nom de salon de massage Gringe répond "Ouais nan t'y vas tout seul mon pote" ?La muraille de chibres
25%
De quel équipe de foot Gringe portait il les chaussettes durant sa sex tape ?La New Team
25%
Quel est le seul smiley que Gringe prendrait si il devait choisir ?Le fantôme qui rigole
25%
Quel sac cherche Orel , et que Gringe lui dit de regarder dans le placard ?Le sac Tortue Ninja vert en forme de carapace
25%
De quelle race combat le canard samouraï dans l'épisode "La tour de Mamy Belle" ?Les belettes de l'espace
25%
Qui a inventé la fidelité ?Les moches
25%
Quel objet la meuf cool sous-entends qu'elle a utilisée avec Orel ?Les nunchakus
25%
Sur quelles nationalités on peut y aller avec les blagues selon Gringe ?Les Roumains et les Pakistanais
25%
Orel parle de quel film ou a aussi joué Liam Neeson dans l'épisode "La liste de Schindler" ?Love Actually
25%
Complétez la phrase de Gringe : "Mon père qui m'envois un texto pour me dire qu'il m'a envoyé un email. ..."Mais va niquer Mamie !
25%
Avec qui leur grand mère, à 20 ans , aurait matché ?Marcel
25%
Complétez la phrase d'Orel "Ouais il te va bien ton maquillage, ..."On dirait que t'es belle
25%
Quelle est la dernière réponse d'Orel à la question "T'as vu un jour sans fin ?" ?Ouais j'ai vu, c'est pas mal
25%
Comment sont repris les morceaux de rap cain-ri en enfer ?Par Michel Leeb qui fait l'accent africain
25%
Qui chante les chansons de Sergi Sergio suite à un coup de maison de disque ?Pharrell Williams
25%
Comment s'appelle l'album photo sur l'insta de la meuf a l'anniv a Bruno ?Photos a la piscine
25%
Quel mot en 8 lettres y avait t'il au Motus quand Gringe est seulRâtelier
25%
Qui Serge le Mytho pécho t-il dans l'épisode a Saint-Tropez ?Rihanna
25%
Quel artiste que Orel aime beaucoup a eu 60 ans en 2018 ?Smïne
25%
Comment Orel décrit la création d'une marque de streetwear ?Suffit de prendre un animal et de le mettre sur un pull
25%
BONUS - Parodie Bloquées Floresti/Paradis - Qu'est-ce que tu peux pas dire a un taxi dans la vraie vie ?Suivez cette voiture !
25%
Complétez le poème d'Orel ; "Je bandais à chaudes larmes, ... "Tandis que le vent caressait mes cheveux comme un pd
25%
Complétez la phrase : "Tient, y a le maire qui nous souhaites une belle rentrée. ..."Tient on s'en bat bien les couilles
25%
Quel film est mentionné dans l'épisode "Le plan cul" ?Toy Story 2
25%
Complétez la phrase de Gringe : "Dans Balzac en un chapitre il a à peine le temps de ... "Traverser la route
25%
Qu'est-ce qui est la buanderie de la cuisine ?Un cellier
25%
Que demande Serge le mytho à la meuf qu'il a sauvé de son suicide par noyade en arrivant à son appart ?Un chocolat chaud
25%
Qu'y a t'il derrière Orel dans l'épisode "Les histoire qui font peur" ?Un clown tueur
25%
Qu'est-ce que Orel et Gringe veulent trouver pour l'inscrire a Make a Wish ?Un enfant lune
25%
Avec quoi Orel veut menacer Mister Jingles ?Un gun
25%
Qu'apporte Orel a un match de foot dans "Projet Chaos" ?Un siflet
25%
BONUS - Le Making-Of - A cause du tournage de quel film ont-ils du refaire tout le décor dans un autre studio ?Valérian et la Cité des mille planètes
25%
Qui à appris a Gringe a mentir ?Valéry Giscard d'Estaing
25%
Que disent a chaque fois les meufs quand Gringe les démontent ?Vivement le 2
25%
Qu'est inscrit sur le petit automate de ping-pong que l'on voit a la fin de l'épisode "Le générique" ?World Championships
25%
Pourquoi Gringe ne répond pas a l'appel de sa mère ?Car elle va encore lui casser les couilles sur le fait qu'il réponde jamais
0%
Pourquoi Orel n'a pas envie de commander les burgers dans l'épisode "Comme tu veux" ?Car ils n'ont que 2 étoiles de livraison
0%
Pourquoi Gringe n'a pas aimé Transformers ?Car le mec dans le robot joue trop mal/Car le mec qui telecommande le robot il joue mal
0%
Qu'est-ce qu'Orel ne passera plus jamais pour Gringe suite a leur embrouille ?Le stage des bombes sous l'eau dans les Tortues Ninja
0%
Les publicités sur les sites de boules devrait être pour quoi, plutôt que pour d'autre sites de boules ?Pour des mouchoirs révolutionnaires qui collent pas aux doigts
0%

Distribution des résultats

Percentile par nombre de réponses

% des personnes avec chaque résultat

Votre développement - résultats

Vous n’avez pas pris ce quiz